| 000 | 00798nam a2200277Ia 4500 | ||
|---|---|---|---|
| 003 | OSt | ||
| 005 | 20221006153205.0 | ||
| 006 | a|||||r|||| 00| 0 | ||
| 007 | ta | ||
| 008 | 221006b |||||||| |||| 00| 0 kor d | ||
| 020 |
_a9788958280941 _cW 15,000 |
||
| 024 | _a31,555 | ||
| 037 |
_bGift, Korean Embassy _cTextual |
||
| 040 |
_aEASL _cEASL _bkor |
||
| 041 |
_2kor _akor |
||
| 082 | _aO495,1x, P5 | ||
| 100 |
_aJEONG Min Au. _9662826 |
||
| 245 | 0 |
_aKkotteului Utumphan _b Hansiro Ilneun Sagyeajeolui Sijeong |
|
| 260 |
_aGyeongido _bSagyejeol Korea _c2005 |
||
| 300 |
_a259p. _ccm. |
||
| 490 | _v KL | ||
| 650 | _a KL | ||
| 650 |
_aKorean trational poems _9662827 |
||
| 942 |
_hO495,1x, P5 _cTEXL _2CC |
||
| 999 |
_c1099641 _d1099641 |
||